000
00275nam a22001097a 4500
008
170113b xxu||||| |||| 00| 0 eng d
020
_a
9780131512542
041
_a
eng
080
_2
2ND
_a
618.2
245
_a
COMPLEMENTARY& ALTERNATIVE THERAPIES
_c
FONTAINE, K.L
942
_2
udc
_c
BK
999
_c
2856
_d
2856